Statistics for Официальные уровни в Geometry Dash

Click here to take the quiz!

General Stats

  • This quiz has been taken 100 times
  • The average score is 13 of 22

Answer Stats

Порядковый номерАвтор песниСложностьНазвание уровня% Correct
№1Forever BoundEasyStereo Madness
90%
№7WaterflameHarderJumper
76%
№2DJVIEasyBack on Track
69%
№8WaterflameHarderTime Machine
65%
№4DJVINormalDry out
64%
№10DJVIInsanexStep
64%
№6DJVIHardCan't let go
63%
№12dj-NateInsaneTheory of Everything
63%
№5DJVIHardBase After Base
62%
№21MDKInsaneFingerdash
62%
№3StepNormalPolargeist
60%
№14dj-NateDemonClubstep
58%
№9DJVIHarderCycles
55%
№18dj-NateDemonTheory of Everything 2
53%
№11WaterflameInsaneClutterfunk
52%
№20F-777DemonDeadlocked
51%
№15dj-NateInsaneElectrodynamix
48%
№19WaterflameHarderGeometrical Dominator
47%
№13WaterflameInsaneElectroman Adventures
43%
№17WaterflameHarderBlast Processing
42%
№16WaterflameInsaneHexagon Force
41%
№22(секретный)Dex ArsonНет сложностиThe Challenge
24%

Score Distribution

Percentile by Number Answered

Percent of People with Each Score

Your Score History

You have not taken this quiz